Roue de la fortune - Mort subite #3 - Statistiques

Statistiques générales
  • Ce quiz a été pris 362 fois
  • Le résultat moyen est 27 sur 29
Statistiques - réponses
% Correct
E
99%
E
99%
E
99%
E
99%
E
99%
E
99%
A
97%
A
97%
L
96%
S
94%
S
94%
S
94%
S
94%
S
94%
S
94%
I
93%
N
91%
N
91%
O
91%
O
91%
R
90%
R
90%
D
89%
M
89%
M
89%
P
89%
P
89%
U
89%
T
88%
Aucun quiz correspondant
Distribution des résultats
% des personnes avec chaque résultat
Percentile par nombre de réponses
Votre historique - résultats
Vous n’avez pas pris ce quiz